Conceptual and policy issues in rules of origin: implications of SAPTA and SAFTA (Record no. 51266)

000 -LEADER
fixed length control field 00443pab a2200157 454500
008 - FIXED-LENGTH DATA ELEMENTS--GENERAL INFORMATION
fixed length control field 180718b2001 xxu||||| |||| 00| 0 eng d
100 ## - MAIN ENTRY--PERSONAL NAME
Personal name Panchamukhi, V.R.
245 ## - TITLE STATEMENT
Title Conceptual and policy issues in rules of origin: implications of SAPTA and SAFTA
260 ## - PUBLICATION, DISTRIBUTION, ETC.
Date of publication, distribution, etc. 2001
300 ## - PHYSICAL DESCRIPTION
Extent p.253-79
362 ## - DATES OF PUBLICATION AND/OR SEQUENTIAL DESIGNATION
Dates of publication and/or sequential designation Jul-Dec
650 ## - SUBJECT ADDED ENTRY--TOPICAL TERM
Topical term or geographic name entry element International trade
700 ## - ADDED ENTRY--PERSONAL NAME
Personal name Das, Ram Upendra
773 ## - HOST ITEM ENTRY
Main entry heading South Asia Economic Journal
909 ## -
-- 51266
Holdings
Withdrawn status Lost status Damaged status Not for loan Permanent Location Current Location Date acquired Serial Enumeration / chronology Barcode Date last seen Price effective from Koha item type
        Indian Institute of Public Administration Indian Institute of Public Administration 2018-07-19 Volume no: 2, Issue no: 2 AR51694 2018-07-19 2018-07-19 Articles

Powered by Koha